| 000 | 00487nam a2200157 a 4500 | ||
|---|---|---|---|
| 001 | 000031728 | ||
| 005 | 20200930063133.0 | ||
| 008 | 110630s1987 dr 000 0 spa d | ||
| 040 |
_aDO-SdBNP _bspa _cBNPHU |
||
| 082 |
_axxx _bR426m |
||
| 110 | 1 |
_aRepública Dominicana _bMovimiento Campesino Independiente _957984 |
|
| 245 | 1 | 0 | _aPropuesta de plan auto financiamiento M.C.I y construcción local. |
| 260 |
_aSanto Domingo : _b[s.n.], _c1987. |
||
| 300 |
_a6 p. ; _c22 cm. |
||
| 049 | _aBNPD | ||
| 999 |
_c31220 _d31220 |
||